• 首页
  • 本馆介绍
  • 公告通知
  • 最新文献
  • 馆藏检索
  • 电子资源
  • 读者导购
  • 参考咨询
  • 我的图书馆
  • 登录
  • 详细信息显示
  • 放入我的书架
  • 预约/预借图书
  • 作者相关作品
  • 分类相关作品
  • 丛书相关作品
  • 出版社相关作品

书目信息

  • 表格格式
  • 工作单格式
  • 卡片格式
题名:
建筑工程管理与实务
    
 
作者: 魏文彪 , 高海静 主编
分册:  
出版信息: 北京   清华大学出版社  2016.3
页数: 219页
开本: 26cm
丛书名: 2016全国二级建造师执业资格考试案例分析高分突破
单 册:
中图分类: TU71-44
科图分类:
主题词: 建筑工程--题解--建筑师--施工管理--资格考试--jian zhu gong cheng , 建筑工程--题解--资格考试--施工管理--建筑师--jian zhu gong cheng , 建筑工程--题解--建筑师--施工管理--资格考试--jian zhu gong cheng
电子资源:
ISBN: 978-7-302-42996-8
000 01459nam0 2200313 450
001 464
001 01XX12214559@CSLN
001 01XX12214559@CSLN
005 20160906090229.87
010    @a978-7-302-42996-8@dCNY39.80
100    @a20160316d2016 em y0chiy0121 ea
101 0  @achi
102    @aCN@b110000
105    @aak z 000yy
200 1  @a建筑工程管理与实务@f魏文彪, 高海静主编@Ajian zhu gong cheng guan li yu shi wu
210    @a北京@c清华大学出版社@d2016.3
215    @a219页@c图@d26cm
225 2  @a2016全国二级建造师执业资格考试案例分析高分突破@A2016quan guo er ji jian zao shi zhi ye zi ge kao shi an li fen xi gao fen tu po
330    @a本书共分7章, 主要内容包括: 建筑工程施工进度管理、建筑工程施工成本管理、建筑工程施工质量管理、建筑工程安全生产管理、建筑工程施工招标投标管理、建筑工程合同管理和建筑工程施工现场管理。本书包括历年考试案例分析题和典型案例分析题共158个。本书内容丰富、实用, 解答详细, 可以帮助考生深刻理解教材、扩展解题思路。
333    @a可供参加二级建造师执业资格考试的应试人员使用
410  0 @12001
606 0  @a建筑工程@j题解@x建筑师@x施工管理@x资格考试@Ajian zhu gong cheng
606    @a建筑工程@j题解@x资格考试@x施工管理@x建筑师@Ajian zhu gong cheng
606    @a建筑工程@j题解@x建筑师@x施工管理@x资格考试@Ajian zhu gong cheng
690    @aTU71-44@v5
701  0 @a魏文彪@4主编@Awei wen biao
701  0 @a高海静@4主编@Agao hai jing
801  0 @aCN@b唐山师范学院图书馆@c20160722
905    @aZUCC@dTU71-44@e743
    
    建筑工程管理与实务/魏文彪, 高海静主编.-北京:清华大学出版社,2016.3
    219页:图;26cm.-(2016全国二级建造师执业资格考试案例分析高分突破)
    使用对象:可供参加二级建造师执业资格考试的应试人员使用
    
    ISBN 978-7-302-42996-8:CNY39.80
    本书共分7章, 主要内容包括: 建筑工程施工进度管理、建筑工程施工成本管理、建筑工程施工质量管理、建筑工程安全生产管理、建筑工程施工招标投标管理、建筑工程合同管理和建筑工程施工现场管理。本书包括历年考试案例分析题和典型案例分析题共158个。本书内容丰富、实用, 解答详细, 可以帮助考生深刻理解教材、扩展解题思路。
●
相关链接 在E读中查询图书 在五车中查询图书 在当当中查询图书 在豆瓣中查询图书


正题名:建筑工程管理与实务     索取号:TU71-44/743         预约/预借

序号 登录号 条形码 馆藏地/架位号 状态 备注
1 901945   209019453   第二样本阅览室/ [索取号:TU71-44/743] 在馆    
2 901946   209019462   第三借阅区/ [索取号:TU71-44/743] 在馆    
3 901947   209019471   第三借阅区/ [索取号:TU71-44/743] 在馆    
4 901948   209019480   第三借阅区/ [索取号:TU71-44/743] 在馆    
5 901949   209019499   第三借阅区/ [索取号:TU71-44/743] 在馆    
唐山师范学院图书馆 欢迎您!
大连网信软件有限公司© 版权所有